000 00364nam a2200133Ia 4500
005 20260326235453.0
008 260326s9999||||xx |||||||||||||| ||und||
100 _aSmith, Thomas Gordon
245 0 _aClassical Architecture :
_b Rule and invention /
_cThomas Gordon Smith
260 _bGibbs Smith
300 _a159 p.
650 _aARQUITECTURA MODERNA
942 _cBK
999 _c7841
_d7841